| 000 | 00929nam a22003017a 4500 | ||
|---|---|---|---|
| 003 | CHAP | ||
| 005 | 20220329141615.0 | ||
| 008 | 971013s1948 r 00010 d | ||
| 010 | _a70921 | ||
| 011 | _a71893 | ||
| 035 | _a81447 | ||
| 040 | _cCHAP | ||
| 082 |
_a627 _bB35 |
||
| 100 | 0 | 0 |
_aBalloffet, A. _99741 |
| 245 | _aHidráulica | ||
| 260 |
_aBuenos Aires : _bEDIAR, _c1948 |
||
| 300 | _a2v. | ||
| 590 |
_aBATCH-UPD _b10 _c20130110 _lUCH01 _h0423 |
||
| 590 |
_aBATCH-UPD _b10 _c20130410 _lUCH01 _h0058 |
||
| 590 |
_aBATCH-UPD _b10 _c20130914 _lUCH01 _h0528 |
||
| 590 |
_aCONVERSION _b10 _c20130109 _lUCH01 _h1339 |
||
| 650 | 1 | 4 |
_aIngeniería hidráulica. _958235 |
| 901 | _aBK | ||
| 942 | _cLIBRO | ||
| 949 |
_a627 B35 _bBC _cLIBRO _d33724000019774 _eLIBRO _fv.1 _h18869 _i81447 _si |
||
| 949 |
_a627 B35 _bBC _cLIBRO _d33724000019782 _eLIBRO _fv.1 c.2 _h18870 _i81447 _si |
||
| 949 |
_a627 B35 _bBC _cMUT _d-34803 _eMUT _fv.2 _h27250 _i81447 _si |
||
| 999 |
_c70921 _d70921 |
||